Երկեր : (Record no. 106402)
[ view plain ]
| 000 -LEADER | |
|---|---|
| fixed length control field | 00903nam a2200217 a 4500 |
| 001 - CONTROL NUMBER | |
| control field | 000290926 |
| 003 - CONTROL NUMBER IDENTIFIER | |
| control field | AM-YeHGA |
| 005 - DATE AND TIME OF LATEST TRANSACTION | |
| control field | 20250618071906.0 |
| 008 - FIXED-LENGTH DATA ELEMENTS--GENERAL INFORMATION | |
| fixed length control field | 031205s1971 ai 000 | arm d |
| 040 ## - CATALOGING SOURCE | |
| Original cataloging agency | AM-YeHGA |
| 041 0# - LANGUAGE CODE | |
| Language code of text/sound track or separate title | arm |
| 090 ## - LOCALLY ASSIGNED LC-TYPE CALL NUMBER (OCLC); LOCAL CALL NUMBER (RLIN) | |
| -- | 107728 |
| 100 1# - MAIN ENTRY--PERSONAL NAME | |
| Personal name | Շիրվանզադե, Ալեքսանդր Մինասի, |
| Dates associated with a name | 1858-1935 |
| 9 (RLIN) | 1334 |
| 245 10 - TITLE STATEMENT | |
| Title | Երկեր : |
| Remainder of title | [2 գրքով] / |
| Statement of responsibility, etc. | Ալ. Շիրվանզադե; Կազմող.՝ Պ.Կ. Բարսեղյան; Խմբ.՝ Ս. Սահակյան. |
| 260 ## - PUBLICATION, DISTRIBUTION, ETC. | |
| Place of publication, distribution, etc. | Երևան : |
| Name of publisher, distributor, etc. | Հայաստան, |
| Date of publication, distribution, etc. | 1971. |
| 300 ## - PHYSICAL DESCRIPTION | |
| Extent | 2 գ. ; |
| Dimensions | 21 սմ. |
| 505 00 - FORMATTED CONTENTS NOTE | |
| Miscellaneous information | Գ. 1. (1971, 643 էջ) : |
| Title | Պատմվածքներ և վիպակներ |
| Miscellaneous information | Գ. 2. (1971, 640 էջ) |
| Title | Վիպակներ և դրամաներ |
| 650 14 - SUBJECT ADDED ENTRY--TOPICAL TERM | |
| Topical term or geographic name entry element | Հայ գրականություն |
| General subdivision | Երկեր |
| 700 1# - ADDED ENTRY--PERSONAL NAME | |
| Personal name | Բարսեղյան, Պ.Կ. |
| Relator term | կազմ. |
| Relationship | com |
| 700 1# - ADDED ENTRY--PERSONAL NAME | |
| Personal name | Սահակյան, Ս.Գ. |
| Relator term | խմբ. |
| Relationship | edt |
| Withdrawn status | Lost status | Source of classification or shelving scheme | Damaged status | Not for loan | Collection | Home library | Current library | Date acquired | Serial enumeration / chronology | Total checkouts | Full call number | Barcode | Date last seen | Price effective from | Koha item type | Public note |
|---|---|---|---|---|---|---|---|---|---|---|---|---|---|---|---|---|
| Universal Decimal Classification | General | Fundamental Scientific Library | Fundamental Scientific Library | 22/12/2016 | Գ. 1 | AII/46874 | 220046874 | 22/12/2016 | 22/12/2016 | Գրքեր / Books | 30 Days Loan | |||||
| Universal Decimal Classification | General | Fundamental Scientific Library | Fundamental Scientific Library | 22/12/2016 | Գ. 1 | AII/46875 | 220046875 | 22/12/2016 | 22/12/2016 | Գրքեր / Books | 30 Days Loan | |||||
| Universal Decimal Classification | General | Fundamental Scientific Library | Fundamental Scientific Library | 22/12/2016 | Գ. 1 | AII/46876 | 220046876 | 22/12/2016 | 22/12/2016 | Գրքեր / Books | 30 Days Loan | |||||
| Universal Decimal Classification | General | Fundamental Scientific Library | Fundamental Scientific Library | 22/12/2016 | Գ. 1 | AII/46877 | 220046877 | 22/12/2016 | 22/12/2016 | Գրքեր / Books | 30 Days Loan | |||||
| Universal Decimal Classification | General | Fundamental Scientific Library | Fundamental Scientific Library | 22/12/2016 | Գ. 2 | AII/49706 | 220049706 | 22/12/2016 | 22/12/2016 | Գրքեր / Books | 30 Days Loan |
ՀՀ Գիտությունների ազգային ակադեմիայի հիմնարար գիտական գրադարան = Fundamental Scientific Library of NAS RA
All site content, except where otherwise noted, is licensed under a